<?xml version="1.0" encoding="UTF-8"?>
<record
    xmlns:xsi="http://www.w3.org/2001/XMLSchema-instance"
    xsi:schemaLocation="http://www.loc.gov/MARC21/slim http://www.loc.gov/standards/marcxml/schema/MARC21slim.xsd"
    xmlns="http://www.loc.gov/MARC21/slim">

  <leader>01561nam a22001937a 4500</leader>
  <controlfield tag="003">OSt</controlfield>
  <controlfield tag="005">20260409110044.0</controlfield>
  <controlfield tag="008">260409b        |||||||| |||| 00| 0 SPA d</controlfield>
  <datafield tag="082" ind1=" " ind2=" ">
    <subfield code="2">9786071713667</subfield>
  </datafield>
  <datafield tag="100" ind1=" " ind2=" ">
    <subfield code="a">Eugene Long y William Buckwald</subfield>
  </datafield>
  <datafield tag="245" ind1=" " ind2=" ">
    <subfield code="a">libro Ingl&#xE9;s idiom&#xE1;tico 1</subfield>
  </datafield>
  <datafield tag="250" ind1=" " ind2=" ">
    <subfield code="a">9&#xAA; edici&#xF3;n</subfield>
  </datafield>
  <datafield tag="260" ind1=" " ind2=" ">
    <subfield code="a">Ciudad de M&#xE9;xico, M&#xE9;xico</subfield>
    <subfield code="b"> Trillas</subfield>
    <subfield code="c">2012-2013</subfield>
  </datafield>
  <datafield tag="300" ind1=" " ind2=" ">
    <subfield code="a"> 256 p&#xE1;g</subfield>
    <subfield code="g"> 15 x 1.2 x 23 cm</subfield>
  </datafield>
  <datafield tag="490" ind1=" " ind2=" ">
    <subfield code="3">Tapa blanda (Paperback)</subfield>
  </datafield>
  <datafield tag="520" ind1=" " ind2=" ">
    <subfield code="a">El objetivo principal de Ingl&#xE9;s idiom&#xE1;tico 1 es facilitar el aprendizaje del idioma mediante un enfoque pr&#xE1;ctico y estructurado para principiantes. El libro busca que el estudiante desarrolle habilidades de comunicaci&#xF3;n b&#xE1;sicas a trav&#xE9;s de situaciones de la vida cotidiana. Se enfoca en la ense&#xF1;anza de estructuras gramaticales esenciales combinadas con un vocabulario funcional y actual. Adem&#xE1;s, promueve la comprensi&#xF3;n auditiva y la expresi&#xF3;n oral mediante ejercicios repetitivos y contextualizados.
Los autores dise&#xF1;aron el material para que el alumno pueda interactuar de forma natural en entornos sociales b&#xE1;sicos. Tambi&#xE9;n incluye secciones dedicadas a la lectura y escritura para lograr un equilibrio en las cuatro competencias ling&#xFC;&#xED;sticas. Finalmente, el texto pretende que el usuario adquiera confianza al hablar, utilizando modismos y frases comunes del ingl&#xE9;s americano. Es una herramienta dise&#xF1;ada para sentar bases s&#xF3;lidas en el estudio formal del idioma a nivel bachillerato o t&#xE9;cnico.</subfield>
  </datafield>
  <datafield tag="700" ind1=" " ind2=" ">
    <subfield code="a">Eugene Long y William Buckwald</subfield>
  </datafield>
  <datafield tag="942" ind1=" " ind2=" ">
    <subfield code="2">ddc</subfield>
    <subfield code="c">BKA</subfield>
    <subfield code="n">0</subfield>
  </datafield>
  <datafield tag="952" ind1=" " ind2=" ">
    <subfield code="0">0</subfield>
    <subfield code="1">0</subfield>
    <subfield code="2">ddc</subfield>
    <subfield code="4">0</subfield>
    <subfield code="7">0</subfield>
    <subfield code="8">F02</subfield>
    <subfield code="a">ISUS</subfield>
    <subfield code="b">ISUS</subfield>
    <subfield code="c">Biblioteca Abierta</subfield>
    <subfield code="d">2026-04-09</subfield>
    <subfield code="e">IDIOMAS </subfield>
    <subfield code="f">0482</subfield>
    <subfield code="i">0482</subfield>
    <subfield code="l">0</subfield>
    <subfield code="o">INGLES </subfield>
    <subfield code="p">IDIOMA0482</subfield>
    <subfield code="r">2026-04-09 11:02:29</subfield>
    <subfield code="t">1</subfield>
    <subfield code="w">2026-04-09</subfield>
    <subfield code="y">BKA</subfield>
  </datafield>
  <datafield tag="999" ind1=" " ind2=" ">
    <subfield code="c">2058</subfield>
    <subfield code="d">2058</subfield>
  </datafield>
</record>
